Частотный анализ униграмм англоязычных буктрейлеров; Перспективы развития фундаментальных наук; Т. 3 : Математика
| Parent link: | Курзина, И. А. (химик ; 1972-). Перспективы развития фундаментальных наук=Prospects of Fundamental Sciences Development: сборник научных трудов XX Международной конференции студентов, аспирантов и молодых ученых, г. Томск, 25-28 апреля 2023 г..— .— Томск: Изд-во ТПУ, 2023 Т. 3 : Математика.— 2023.— С. 12-14 |
|---|---|
| Main Author: | |
| Corporate Author: | |
| Other Authors: | , |
| Summary: | Заглавие с экрана The state of book trailers is getting pervasive nowadays as the digital era provides publishers with new tools of the advertisement. The frequency analysis using transcripts of the English book trailers' unigrams was conducted to set the most commonly used words and word groups subsequently divided into categories according to qualification and age. The results revealed that the most frequently used word is ”one” (333 mentions) as both a numeral and a pronoun and the second is “book” with 278 mentions. The categories’ data featured significant information that may be further leveraged in the areas of teaching the English language and book marketing. Текстовый файл |
| Language: | Russian |
| Published: |
2023
|
| Subjects: | |
| Online Access: | http://earchive.tpu.ru/handle/11683/80905 |
| Format: | Electronic Book Chapter |
| KOHA link: | https://koha.lib.tpu.ru/cgi-bin/koha/opac-detail.pl?biblionumber=674313 |
MARC
| LEADER | 00000naa2a2200000 4500 | ||
|---|---|---|---|
| 001 | 674313 | ||
| 005 | 20241127155129.0 | ||
| 090 | |a 674313 | ||
| 100 | |a 20240902d2023 k||y0rusy50 ca | ||
| 101 | 0 | |a rus | |
| 102 | |a RU | ||
| 135 | |a drcn ---uucaa | ||
| 200 | 1 | |a Частотный анализ униграмм англоязычных буктрейлеров |f Р. Р. Исмагилов, В. А. Михайлова |g науч. рук. М. Е. Семёнов ; Национальный исследовательский Томский политехнический университет |d Frequency analysis of transcribed english book trailers unigrams |z eng | |
| 300 | |a Заглавие с экрана | ||
| 320 | |a Библиография: с. 14 | ||
| 330 | |a The state of book trailers is getting pervasive nowadays as the digital era provides publishers with new tools of the advertisement. The frequency analysis using transcripts of the English book trailers' unigrams was conducted to set the most commonly used words and word groups subsequently divided into categories according to qualification and age. The results revealed that the most frequently used word is ”one” (333 mentions) as both a numeral and a pronoun and the second is “book” with 278 mentions. The categories’ data featured significant information that may be further leveraged in the areas of teaching the English language and book marketing. | ||
| 336 | |a Текстовый файл | ||
| 461 | 1 | |0 636133 |t Перспективы развития фундаментальных наук |l Prospects of Fundamental Sciences Development |o сборник научных трудов XX Международной конференции студентов, аспирантов и молодых ученых, г. Томск, 25-28 апреля 2023 г. |d 2023 |9 636133 |a Курзина, И. А. (химик ; 1972-) |c Томск |n Изд-во ТПУ | |
| 463 | 1 | |0 636135 |t Т. 3 : Математика |v С. 12-14 |d 2023 |9 636135 |u conference_tpu-2023-C21_V3.pdf |l Vol. 3. Mathematics | |
| 610 | 1 | |a труды учёных ТПУ | |
| 610 | 1 | |a электронный ресурс | |
| 610 | 1 | |a буктрейлер | |
| 610 | 1 | |a униграмма | |
| 610 | 1 | |a частотный анализ | |
| 700 | 1 | |a Исмагилов |b Р. Р. | |
| 701 | 1 | |a Михайлова |b В. А. | |
| 702 | 1 | |a Семенов |b М. Е. |c математик |c доцент Томского политехнического университета, кандидат физико-математических наук |f 1978- |g Михаил Евгеньевич |4 727 | |
| 712 | 0 | 2 | |a Национальный исследовательский Томский политехнический университет |c (2009- ) |9 26305 |
| 801 | 0 | |a RU |b 63413507 |c 20240902 |g RCR | |
| 856 | 4 | |u http://earchive.tpu.ru/handle/11683/80905 |z http://earchive.tpu.ru/handle/11683/80905 | |
| 942 | |c CF | ||